000 00610nam a22002177a 4500
003 UA-OsUOA
001 96112
007 ta
008 20130315b un ||||| |||| 00| 0 ukr d
100 _aКоробейников М.
090 _a821.161.1
_bК68
942 _cBK
040 _aUA-OsUOA
_cUA-OsUOA
_dUA-OsUOA
245 _aЯ тогда тебя забуду
_bповесть
300 _a456 с.
955 _a3
080 _a821.161.1
260 _aМ.
_bСоветский писатель
_c1988
650 7 _a82 Література. Літературознавство
_2UDC
999 _c382360
_d382360